[Event "Lugano op"]
[Site "Lugano"]
[Date "1989.??.??"]
[Round "4"]
[White "Heyken, Enno"]
[Black "Lagumina, Giulio"]
[Result "1-0"]
[WhiteElo "2450"]
[BlackElo "2310"]

1.c4 e6 2.Nc3 d5 3.d4 c6 4.e3 Nf6 5.Nf3 Nbd7 6.Qc2 Bd6 7.b3 O-O 8.Be2 dxc4
9.bxc4 e5 10.O-O Re8 11.Re1 e4 12.Nd2 Nf8 13.Nf1 c5 14.dxc5 Bxc5 15.Bb2 Bf5
16.Red1 Qe7 17.Ng3 Bg6 18.Nd5 Nxd5 19.cxd5 Bd6 20.Rac1 Nd7 21.Bd4 Ne5 22.Qc3 Qg5
23.Bb5 h5 24.Bxe8 Rxe8 25.Bxe5 Bxe5 26.Qb3 h4 27.d6 hxg3 28.hxg3 b6 29.Rd5 Rd8
30.d7 Qe7 31.Rc8 Bf6 32.Rxd8+ Qxd8 33.Qc4 Kf8 34.Qa6 Be7 35.Qxa7 f6 36.Qb7 Bf7
37.Rd2 Be6 38.Qxe4 Qc7 39.d8=Q+ Bxd8 40.Rxd8+ Qxd8 41.Qxe6 Qd1+ 42.Kh2 Qh5+
43.Qh3 Qe2 44.Qc8+ Kf7 45.a4 Qxf2 46.Qc7+ Kg8 47.Qxb6 Qe2 48.Qd8+ Kf7 49.Qd4 Kg8
50.Qc5 Kf7 51.a5 Kg6 52.e4 Kf7 53.Qd5+ Ke7 54.Qb7+ Kf8 55.Qc8+ Ke7 56.Qc7+ Ke6
57.Qc8+ Ke7 58.Qf5 Ke8 59.Qe6+ Kf8 60.Qd6+ Kf7 61.a6 Qe3 62.Qd7+  1-0

[Event "Lugano op"]
[Site "Lugano"]
[Date "1989.??.??"]
[Round "4"]
[White "Tyrtania, Maximilian"]
[Black "Namyslo, Holger"]
[Result "0-1"]
[WhiteElo "2300"]
[BlackElo "2210"]

1.d4 e6 2.c4 d5 3.Nc3 c6 4.Nf3 Nf6 5.e3 Nbd7 6.b3 Bb4 7.Bd2 Qe7 8.Be2 O-O
9.O-O Bd6 10.Qc2 e5 11.cxd5 Nxd5 12.Ne4 Bb8 13.Ng3 exd4 14.Nxd4 g6 15.Rad1 N7f6
16.Rfe1 Ng4 17.Bc4 Rd8 18.e4 Nb6 19.Ba5 Bc7 20.Bf1 h5 21.h3 h4 22.Ndf5 gxf5
23.exf5 Ne5 24.Rxd8+ Qxd8 25.Ne2 Qg5 26.Nd4 Qf4 27.Re4 Qh6 28.f4 Ned7 29.Re8+ Nf8
30.Bb4 Bd6 31.Bd2 Bd7 32.Rxa8 Nxa8 33.Qd1 Bc5 34.Be3 Nc7 35.Bc4 b5 36.Bf1 Nd5
37.Bf2 Qxf4  0-1

[Event "Lugano op"]
[Site "Lugano"]
[Date "1989.??.??"]
[Round "4"]
[White "Haik, Aldo"]
[Black "Simon, Ralf Axel"]
[Result "1-0"]
[WhiteElo "2390"]
[BlackElo "2320"]

1.d4 d5 2.c4 e6 3.Nc3 c6 4.e3 Nf6 5.Nf3 Nbd7 6.Bd3 dxc4 7.Bxc4 b5 8.Be2 Bb7
9.O-O Be7 10.e4 b4 11.e5 bxc3 12.exf6 Nxf6 13.bxc3 Qc7 14.Rb1 Bd6 15.c4 c5
16.Ba3 Rd8 17.Qa4+ Bc6 18.Qa6 Nd7 19.d5 exd5 20.cxd5 Bxd5 21.Rfd1 Nb6 22.Rxd5 Nxd5
23.Rb7 Qc8 24.Qa4+ Kf8 25.Qxa7 Ne7 26.g3 h5 27.h4 Qa8 28.Ng5 Rb8 29.Qxa8 Rxa8
30.Rd7 f6 31.Ne4 Ng6 32.Bxc5 Bxc5 33.Nxc5 Re8 34.Bb5 Ne5 35.Rc7 Nf3+ 36.Kg2 Re5
37.Kxf3 Kg8 38.Rc8+ Kh7 39.Bd3+ g6 40.Rxh8+ Kxh8 41.Ne4 Ra5 42.Bc4 g5 43.Ke3 gxh4
44.gxh4 Kg7 45.f4 Kg6 46.Nd6 Ra3+ 47.Bb3 Ra6 48.f5+ Kg7 49.Ne4 Ra8 50.a4 Rb8
51.Bc4 Rb4 52.Bb5 Rb3+ 53.Bd3 Ra3 54.Nc5 Kf8 55.Kd4 Ke7 56.Kd5 Ra2 57.Kc6 Rh2
58.a5 Rxh4 59.a6 Rd4 60.a7 Rd8 61.Be4 Ra8 62.Kb6 Rxa7 63.Kxa7 Kd6 64.Kb6  1-0

[Event "Mendrisio op"]
[Site "Mendrisio"]
[Date "1989.??.??"]
[Round "3"]
[White "Sher, Miron N"]
[Black "Lagumina, Giulio"]
[Result "1-0"]
[WhiteElo "2470"]
[BlackElo "2280"]

1.c4 e6 2.Nc3 d5 3.d4 c6 4.e3 Nf6 5.Nf3 Nbd7 6.Qc2 Bd6 7.Be2 O-O 8.O-O Re8
9.h3 Qe7 10.Bd2 dxc4 11.Bxc4 e5 12.Bb3 h6 13.Nh4 Nf8 14.Nf5 Bxf5 15.Qxf5 e4
16.h4 Bc7 17.f3 Qd6 18.fxe4 Qh2+ 19.Kf2 Bg3+ 20.Kf3 Bxh4 21.e5 Ne6 22.Ke2 Qxg2+
23.Kd1 Ng4 24.Qxf7+ Kh8 25.Qf3 Qxf3+ 26.Rxf3 Ng5 27.Rf4 h5 28.Ke2 g6 29.Rh1  1-0

[Event "Mendrisio op"]
[Site "Mendrisio"]
[Date "1989.??.??"]
[Round "3"]
[White "Barlov, Dragan"]
[Black "Passerotti, Pierluigi"]
[Result "1-0"]
[WhiteElo "2520"]
[BlackElo "2340"]

1.d4 Nf6 2.Nf3 d5 3.c4 c6 4.e3 e6 5.Nc3 Nbd7 6.Bd3 dxc4 7.Bxc4 b5 8.Bd3 a6
9.O-O c5 10.Qe2 Bb7 11.Rd1 b4 12.Nb1 cxd4 13.Nxd4 Bc5 14.Nb3 Bd6 15.N1d2 Qb8
16.h3 a5 17.Bb5 a4 18.Nd4 O-O 19.Nc4 Bh2+ 20.Kh1 Nc5 21.Bd2 Nce4 22.Be1 Bd5
23.Bc6 Rc8 24.Bxd5 exd5 25.Nb6 Qxb6 26.Kxh2 a3 27.Rdc1 Nd6 28.b3 Nfe4 29.Qd3 Nc5
30.Qd2 Na6 31.Rxc8+ Rxc8 32.Rc1 Rc5 33.Rxc5 Qxc5 34.Qd3 Qb6 35.Nc2 Qb7 36.Qd4 Nf5
37.Qf4 g6 38.Nxb4 Nc5 39.Qe5 f6 40.Qxf6 Ne4 41.Qe6+ Kg7 42.Qe5+  1-0

[Event "Wuerttemberg-ch"]
[Site "Moeglingen"]
[Date "1989.??.??"]
[Round "3"]
[White "Kindl, Peter"]
[Black "Hoffmann, Hans"]
[Result "0-1"]
[WhiteElo "2325"]
[BlackElo "2300"]

1.d4 d5 2.c4 e6 3.Nc3 c6 4.e3 Nf6 5.Nf3 Nbd7 6.Bd3 dxc4 7.Bxc4 b5 8.Bd3 b4
9.Na4 Bb7 10.e4 c5 11.e5 Nd5 12.O-O cxd4 13.Nxd4 Nxe5 14.Bb5+ Nd7 15.Re1 Rc8
16.Qh5 g6 17.Qe2 Qf6 18.Nf3 Bd6 19.Bg5 Qf5 20.Rad1 Rc2 21.Qf1 b3 22.axb3 h6
23.Bd3 Qxf3 24.gxf3 hxg5 25.Qg2 Nf4 26.Bxc2 Nxg2 27.Bxg6 Nxe1 28.Rxd6 Nxf3+  0-1

[Event "Montpellier-A"]
[Site "Montpellier"]
[Date "1989.??.??"]
[Round "?"]
[White "Kozul, Zdenko"]
[Black "Klaric, Zlatko"]
[Result "0-1"]
[WhiteElo "2560"]
[BlackElo "2445"]

1.d4 d5 2.c4 c6 3.Nc3 Nf6 4.Nf3 e6 5.e3 Nbd7 6.Be2 Bd6 7.Qc2 O-O 8.O-O Re8
9.Rd1 Qe7 10.e4 Nxe4 11.Nxe4 dxe4 12.Qxe4 e5 13.c5 exd4 14.Qc2 Nxc5 15.Nxd4 Bg4
16.Be3 Bxe2 17.Qxe2 g6 18.Qc4 Qe4 19.Rac1 Rad8 20.Qc3 Qe5 21.g3 Qh5 22.Qa5 f5
23.Qb4 f4 24.gxf4 Bf8 25.Qc4+ Rd5 26.Qe2 Qh4 27.Qf3 Ne4 28.Ne2 Rf5 29.Ng3 Ng5
30.Qg2 Nh3+ 31.Kh1 Rf7 32.f5 Bg7 33.b3 gxf5  0-1

[Event "Moscow1"]
[Site "Moscow"]
[Date "1989.??.??"]
[Round "?"]
[White "Kuzmin, Alexey"]
[Black "Sveshnikov, Evgeny"]
[Result "1/2-1/2"]
[WhiteElo "2465"]
[BlackElo "2435"]

1.d4 d5 2.c4 c6 3.Nf3 Nf6 4.Nc3 e6 5.e3 Nbd7 6.Qc2 Bd6 7.Be2 O-O 8.O-O Re8
9.Rd1 Qe7 10.b3 b6 11.e4 Nxe4 12.Nxe4 dxe4 13.Qxe4 Bb7 14.Ne5 f5 15.Qe3 Nxe5
16.dxe5 Bc5 17.Qg3 Rad8 18.Bg5 Rxd1+ 19.Rxd1 Qc7 20.h4 Kh8 21.h5 h6 22.Bh4 Bc8
23.Bf3 Rf8 24.Qf4 Rf7 25.Rd8+ Rf8 26.Rd3 Rf7 27.Rd8+ Rf8 28.Rxf8+ Bxf8 29.g4 Kg8
30.Bg3 Be7 31.Qd2 Qd7 32.Qxd7 Bxd7 33.gxf5 exf5  1/2-1/2

[Event "Moscow2"]
[Site "Moscow"]
[Date "1989.??.??"]
[Round "?"]
[White "Umansky, Vladimir"]
[Black "Lepeshkin, Vladimir"]
[Result "0-1"]
[WhiteElo "2330"]
[BlackElo "2350"]

1.d4 d5 2.c4 c6 3.Nf3 Nf6 4.e3 e6 5.Nc3 Nbd7 6.Bd3 dxc4 7.Bxc4 b5 8.Bd3 a6
9.e4 c5 10.e5 cxd4 11.Nxb5 axb5 12.exf6 Bb7 13.O-O Qxf6 14.Bxb5 Bxf3 15.Qxf3 Qxf3
16.gxf3 Bd6 17.f4 Ke7 18.Bxd7 Kxd7 19.Rd1 Bc5 20.Be3 Ra4 21.b3 Rb4 22.Rac1 Kd6
23.Bd2 Rb5 24.Bc3 e5 25.fxe5+ Kxe5 26.Ba1 Bb6 27.Rc4 Rd8 28.Kf1 Ke4 29.Ke2 Rh5
30.a4 Rxh2 31.b4 Re8 32.Rdxd4+ Bxd4 33.Bxd4 Kd5+ 34.Kd3 Rh3+ 35.Be3 Rhxe3+
36.fxe3 Rxe3+ 37.Kxe3 Kxc4 38.b5 Kc5 39.Kf4 h5  0-1

[Event "Naleczow op"]
[Site "Naleczow"]
[Date "1989.??.??"]
[Round "?"]
[White "Twardon, Marian"]
[Black "Bajovic, Milan"]
[Result "1-0"]
[WhiteElo "2295"]
[BlackElo "2310"]

1.d4 d5 2.c4 c6 3.Nc3 Nf6 4.e3 e6 5.Nf3 Bd6 6.Bd3 Nbd7 7.e4 dxe4 8.Nxe4 Nxe4
9.Bxe4 Nf6 10.Bc2 O-O 11.Bg5 h6 12.Bh4 Be7 13.O-O c5 14.Qd3 Re8 15.Rad1 cxd4
16.Nxd4 Qb6 17.Rfe1 Kf8 18.a3 a5 19.Nf3 Rd8 20.Qc3 Bd7 21.Ne5 Be8 22.h3 a4
23.Bb1 Rxd1 24.Rxd1 Rd8 25.Rxd8 Qxd8 26.Bc2 Qb6 27.Ng4 Ng8 28.Bg3 Bc5 29.Be5 f6
30.Qf3 Bc6 31.Qf4 Ke7 32.Bc3 h5 33.Nh2 g5 34.Qd2 Nh6 35.h4 Nf7 36.hxg5 fxg5
37.Bg6 Nd6 38.Qxg5+ Kd7 39.Qf6 Qd8 40.Qe5 b6 41.Qxh5 Nxc4 42.Ng4 Kc7 43.Ne5 Bd5
44.Nxc4 Bxc4 45.Qxc5+ bxc5 46.Ba5+ Kd7 47.Bxd8 Kxd8 48.f3 Ke7 49.Kf2 Bb3
50.Ke3 e5 51.f4 exf4+ 52.Kxf4 Kd6 53.g4 Kd5 54.Ke3 Ke5 55.g5 Bd5 56.Bc2  1-0

[Event "New York Manhattan"]
[Site "New York"]
[Date "1989.??.??"]
[Round "?"]
[White "Bonin, Jay R"]
[Black "Vucic, Mladen"]
[Result "1-0"]
[WhiteElo "2400"]
[BlackElo "2395"]

1.d4 d5 2.c4 c6 3.Nf3 Nf6 4.Nc3 e6 5.e3 Nbd7 6.Qc2 Bd6 7.Be2 O-O 8.O-O Re8
9.Bd2 e5 10.dxe5 Nxe5 11.cxd5 cxd5 12.Nb5 Bb8 13.Rac1 Bg4 14.Nc7 Bxf3 15.gxf3 Bxc7
16.Qxc7 d4 17.Qxd8 Raxd8 18.Rc7 dxe3 19.Bxe3 Nd5 20.Rxb7 Nxe3 21.fxe3 Rd2
22.Rf2 Rc8 23.f4 Ng6 24.Bc4 Rd1+ 25.Rf1 Rxf1+ 26.Bxf1 Kf8 27.Kf2 Rc2+ 28.Kg3 a5
29.Bd3 Rc5 30.Kf2 f5 31.b3 Ne7 32.Bc4 Nd5 33.a4 Nc7 34.Ke2 Ke7 35.Kd3 Kd7
36.Kd4 Kd6 37.Rb6+ Rc6 38.Rxc6+ Kxc6 39.Ke5 g6 40.Bg8  1-0

[Event "New York op"]
[Site "New York"]
[Date "1989.??.??"]
[Round "3"]
[White "Lein, Anatoly"]
[Black "Dzindzichashvili, Roman"]
[Result "1/2-1/2"]
[WhiteElo "2485"]
[BlackElo "2540"]

1.d4 d5 2.c4 c6 3.Nc3 Nf6 4.e3 e6 5.Nf3 Nbd7 6.Bd3 dxc4 7.Bxc4 b5 8.Bd3 a6
9.a4 b4 10.Ne4 c5 11.dxc5 Nxc5 12.Nxc5 Bxc5 13.Qe2  1/2-1/2

[Event "New York op"]
[Site "New York"]
[Date "1989.??.??"]
[Round "3"]
[White "Saidy, Anthony Fred"]
[Black "Weldon, Charles"]
[Result "1/2-1/2"]
[WhiteElo "2405"]
[BlackElo "2240"]

1.d4 d5 2.c4 e6 3.Nc3 c6 4.e3 Nf6 5.Nf3 Nbd7 6.Bd3 dxc4 7.Bxc4 b5 8.Bd3 a6
9.e4 c5 10.d5 c4 11.dxe6 cxd3 12.exd7+ Qxd7 13.O-O Bb7 14.Re1 Be7 15.e5 Nd5
16.Qxd3 Nxc3 17.Qxc3 O-O 18.Qd4 Rfd8 19.Qxd7 Rxd7 20.Be3 Bxf3 21.gxf3 Rd5
22.f4 f6 23.Rad1 Rad8 24.Rxd5 Rxd5 25.e6 g6 26.Kg2 Kf8 27.Kf3 Bc5 28.Rc1 Bxe3
29.Kxe3 Ke7 30.Rc6 a5 31.Ra6 a4 32.Rb6 Rh5 33.h4 Rxh4 34.Rxb5 Rh3+ 35.Ke2 Rh1
36.Rb6 h5 37.a3 Rh3 38.f5 gxf5 39.Rb4 Rb3 40.Rxb3 axb3 41.f4 Kxe6 42.Kf3 h4
43.Kg2 Kd5 44.Kh3 Kc4 45.a4 Kb4 46.Kxh4 Kxa4 47.Kh5 Kb4 48.Kg6 Kc4 49.Kxf5 Kd3
50.Kxf6 Kc2 51.f5 Kxb2 52.Ke7 Kc3 53.f6 b2 54.f7 b1=Q 55.f8=Q  1/2-1/2

[Event "New York op"]
[Site "New York"]
[Date "1989.??.??"]
[Round "7"]
[White "Bonin, Jay R"]
[Black "Weldon, Charles"]
[Result "1-0"]
[WhiteElo "2400"]
[BlackElo "2240"]

1.c4 e6 2.d4 d5 3.Nf3 Nf6 4.Nc3 c6 5.e3 Nbd7 6.Qc2 Bd6 7.Be2 O-O 8.O-O dxc4
9.Bxc4 e5 10.h3 exd4 11.exd4 Nb6 12.Bb3 Nbd5 13.Bg5 Be6 14.Rae1 Nb4 15.Qd1 Bxb3
16.Qxb3 Rb8 17.Ne5 c5 18.dxc5 Bxe5 19.Rxe5 Nc6 20.Rd5 Qe7 21.Rd6 Qe5 22.Bxf6 gxf6
23.Nd5 f5 24.Nf6+ Kh8 25.Nd7 Qg7 26.Rxc6 Rg8 27.g3 bxc6 28.Nxb8 f4 29.Nxc6 h5
30.Ne7 Re8 31.Re1  1-0

[Event "New York op"]
[Site "New York"]
[Date "1989.??.??"]
[Round "8"]
[White "Carleson, Caspar"]
[Black "Weldon, Charles"]
[Result "1-0"]
[WhiteElo "2355"]
[BlackElo "2240"]

1.d4 d5 2.c4 e6 3.Nc3 c6 4.e3 Nf6 5.Nf3 Nbd7 6.Qc2 Bd6 7.Bd2 O-O 8.O-O-O b6
9.e4 dxe4 10.Nxe4 Nxe4 11.Qxe4 Bb7 12.Bd3 Nf6 13.Qh4 Be7 14.Bg5 g6 15.Kb1 Re8
16.Rhe1 Nh5 17.Qg4 Bxg5 18.Nxg5 Nf6 19.Qf4 Kg7 20.g4 Qb8 21.Re5 c5 22.Nxf7 Kxf7
23.g5 Qd8 24.dxc5 Kg7 25.gxf6+ Qxf6 26.Qxf6+ Kxf6 27.Rde1 Rad8 28.Kc2 Rd4
29.cxb6 axb6 30.Kc3 Rh4 31.Rb5 Rxh2 32.Rxb6 Bf3 33.c5 Rxf2 34.Bc4 Bg4 35.c6 Ke7
36.b4 Kd6 37.Re3 e5 38.b5 Kc5 39.Rb7 Bf5 40.Bb3 e4 41.c7 Rf3 42.Kd2 Kd4 43.Rb8 Bc8
44.Rxf3 exf3 45.Bd1 f2 46.Be2 g5 47.b6 g4 48.Rxc8 Rxc8 49.b7  1-0

[Event "Novi Sad op"]
[Site "Novi Sad"]
[Date "1989.??.??"]
[Round "1"]
[White "Orlov, Georgi"]
[Black "Bzowski, Blazej"]
[Result "1-0"]
[WhiteElo "2515"]
[BlackElo "2280"]

1.d4 d5 2.c4 e6 3.Nc3 c6 4.e3 Nf6 5.Nf3 Nbd7 6.Bd3 dxc4 7.Bxc4 b5 8.Bd3 a6
9.e4 c5 10.e5 cxd4 11.Nxb5 Nxe5 12.Nxe5 axb5 13.Bxb5+ Bd7 14.Nxd7 Qa5+ 15.Bd2 Qxb5
16.Nxf8 Kxf8 17.b3 Ke7 18.a4 Qe5+ 19.Qe2 Kd6 20.Qxe5+ Kxe5 21.Ke2 Kd5 22.f3 Nd7
23.b4 e5 24.Rhc1 Ra7 25.a5 Rb8 26.Ra2 f5 27.Rac2 e4 28.Rc7 Rbb7 29.fxe4+ fxe4
30.Bf4 Rxc7 31.Bxc7 e3 32.Kd3 Rb7 33.Rc4 Ne5+ 34.Bxe5 Kxe5 35.Rxd4 e2 36.Re4+ Kd5
37.Rxe2 Rxb4 38.Re7 g5 39.Rxh7  1-0

[Event "Novi Sad op"]
[Site "Novi Sad"]
[Date "1989.??.??"]
[Round "1"]
[White "Tabatadze, Tamaz"]
[Black "Parezanin, Darko"]
[Result "1-0"]
[WhiteElo "2365"]
[BlackElo "2255"]

1.d4 Nf6 2.c4 e6 3.Nc3 d5 4.Nf3 c6 5.e3 Nbd7 6.Qc2 Be7 7.Be2 O-O 8.O-O dxc4
9.Bxc4 b5 10.Be2 a6 11.e4 c5 12.e5 Nd5 13.Nxd5 exd5 14.dxc5 Nxc5 15.Be3 Ne4
16.Rac1 Bg4 17.h3 Rc8 18.Qb3 Be6 19.Nd4 Qd7 20.Kh2 Bc5 21.Rcd1 Qe7 22.f3 Bxd4
23.Bxd4 Nc5 24.Qa3 Rc6 25.Rc1 Rfc8 26.Rc3 Bd7 27.Rxc5 Rxc5 28.Bxc5 Rxc5  1-0

[Event "Novi Sad op"]
[Site "Novi Sad"]
[Date "1989.??.??"]
[Round "8"]
[White "Levin, Felix"]
[Black "Sherbakov, Vitaly S"]
[Result "1/2-1/2"]
[WhiteElo "2305"]
[BlackElo "2300"]

1.d4 d5 2.Nf3 Nf6 3.c4 c6 4.Nc3 e6 5.e3 Nbd7 6.Bd3 dxc4 7.Bxc4 b5 8.Bd3 Bb7
9.e4 b4 10.Na4 c5 11.e5 Nd5 12.dxc5 Nxc5 13.Nxc5 Bxc5 14.Bb5+ Ke7 15.O-O h6
16.Qe2 Qb6 17.Nd2 a5 18.a4 Nc7 19.Bd3 Rad8  1/2-1/2

[Event "Novosibirsk"]
[Site "Novosibirsk"]
[Date "1989.??.??"]
[Round "?"]
[White "Chuchelov, Vladimir"]
[Black "Janjgava, Lasha"]
[Result "1/2-1/2"]
[WhiteElo "2315"]
[BlackElo "2470"]

1.d4 Nf6 2.c4 e6 3.Nf3 d5 4.Nc3 c6 5.e3 Nbd7 6.Qc2 Bd6 7.Be2 O-O 8.O-O Qe7
9.Bd2 a6 10.e4 dxe4 11.Nxe4 Nxe4 12.Qxe4 e5 13.c5 exd4 14.Qxe7 Bxe7 15.b4 Bf6
16.Rad1 b6 17.Bc1 bxc5 18.bxc5 Re8 19.Rfe1 Nxc5 20.Nxd4 Bd7 21.Be3 Na4 22.Rc1 c5
23.Nb3 Bb5 24.Nxc5 Nc3 25.Bxb5 axb5 26.Nd7 Nxa2 27.Nxf6+ gxf6 28.Rb1 b4 29.Kf1 Kg7
30.Rb3 Re6 31.Ra1 Rea6 32.Bd2 Nc3  1/2-1/2

[Event "Nuremberg op"]
[Site "Nuremberg"]
[Date "1989.??.??"]
[Round "?"]
[White "Davidovic, Aleksandar"]
[Black "Varga, Zoltan"]
[Result "1-0"]
[WhiteElo "2425"]
[BlackElo "2425"]

1.Nf3 d5 2.d4 c6 3.c4 e6 4.e3 Nf6 5.Nc3 Nbd7 6.cxd5 exd5 7.Bd3 Bd6 8.O-O O-O
9.Re1 Re8 10.Nd2 Nf8 11.Nf1 Bg4 12.f3 Bh5 13.Bd2 Bg6 14.Qc2 Rc8 15.Na4 Ne6
16.b4 b6 17.Bxg6 hxg6 18.Rac1 Qe7 19.Qb3 c5 20.bxc5 bxc5 21.Nxc5 Nxc5 22.dxc5 Bxc5
23.Bc3 Qe6 24.Qb2 Bb6 25.Bd4 Rc4 26.Bxb6 axb6 27.Rb1 Ra4 28.Qxb6 Qxb6 29.Rxb6 Rxa2
30.Rd1 g5 31.h3 Re2 32.Rdb1 Re7 33.Rb8+ Kh7 34.R8b2 Rxb2 35.Rxb2 Rd7 36.Rd2 Ne8
37.Ng3 Nc7 38.Kf2 Kg6 39.Rc2 Ne6 40.Ne2 Rd6 41.Rd2 Rd8 42.Nd4 Nc5 43.Nc6 Rd6
44.Ne7+ Kf6 45.Nxd5+ Ke6 46.Nc7+ Kd7 47.Rxd6+ Kxd6 48.Ne8+ Kd5 49.Nxg7 Nd3+
50.Ke2 Ne5 51.Nf5 Ng6 52.g3 f6 53.e4+ Kc4 54.Ke3  1-0

[Event "GMA Baleares Open"]
[Site "Palma de Mallorca"]
[Date "1989.??.??"]
[Round "2"]
[White "Cvitan, Ognjen"]
[Black "Sorokin, Maxim"]
[Result "1-0"]
[WhiteElo "2515"]
[BlackElo "2420"]

1.d4 d5 2.c4 c6 3.Nc3 e6 4.e3 Nf6 5.Nf3 Nbd7 6.Bd3 dxc4 7.Bxc4 b5 8.Bd3 Bb7
9.e4 b4 10.Na4 c5 11.e5 Nd5 12.Nxc5 Nxc5 13.dxc5 Bxc5 14.O-O h6 15.Qe2 Qb6
16.Bd2 O-O-O 17.a3 Kb8 18.Rfc1 Rc8 19.Be4 Be7 20.Rd1 b3 21.a4 a5 22.Qb5 Rc5
23.Qxb6 Nxb6 24.Bxb7 Kxb7 25.Nd4 Rd8 26.Nxb3 Rcd5 27.Nxa5+ Ka6 28.Nc6 Rxd2
29.Rxd2 Rxd2 30.Nxe7 Rxb2 31.Nc6 Nc4 32.a5 Rb5 33.f4 g5 34.Rc1 Nxa5 35.Ra1 gxf4
36.Kf2 Kb6 37.Nxa5 Rxa5 38.Rxa5 Kxa5 39.Kf3 Kb5 40.Kxf4 Kc6 41.g4 Kd7 42.g5 h5
43.g6  1-0

[Event "GMA Baleares Open"]
[Site "Palma de Mallorca"]
[Date "1989.??.??"]
[Round "4"]
[White "Eingorn, Vereslav S"]
[Black "Bagirov, Vladimir"]
[Result "1/2-1/2"]
[WhiteElo "2560"]
[BlackElo "2460"]

1.d4 d5 2.c4 c6 3.Nc3 Nf6 4.e3 e6 5.Nf3 Nbd7 6.Qc2 Bd6 7.Be2 O-O 8.O-O dxc4
9.Bxc4 e5 10.Bb3 h6 11.Rd1 Qc7 12.h3 b5 13.Bd2 Bb7 14.Rac1 a6 15.dxe5 Nxe5
16.Nxe5 Bxe5 17.Nd5 Nxd5 18.Bxd5 Rfd8 19.Bf3 c5 20.Bxb7 Qxb7  1/2-1/2

[Event "GMA Baleares Open"]
[Site "Palma de Mallorca"]
[Date "1989.??.??"]
[Round "6"]
[White "Piket, Jeroen"]
[Black "Panchenko, Alexander N"]
[Result "1/2-1/2"]
[WhiteElo "2540"]
[BlackElo "2430"]

1.d4 Nf6 2.Nf3 e6 3.c4 d5 4.Nc3 c6 5.e3 Nbd7 6.Qc2 Bd6 7.Bd2 O-O 8.h3 c5
9.cxd5 exd5 10.Be2 a6 11.a4 Re8 12.O-O cxd4 13.exd4 h6 14.Rfe1 Nf8 15.Bd3 Ne6
16.Qb3 Rb8 17.Rac1 Bd7 18.Bb1 Bc6 19.Be3 b5 20.axb5 Bxb5 21.Nxb5 Rxb5 22.Qd3 Nf4
23.Qc2 Ng6 24.Qa4 Rxb2 25.Bxg6 fxg6 26.Qxa6 Kh7 27.Rc6 Bb8 28.Rec1 Qe7 29.Ne1 Rb7
30.Nd3 Rc7 31.Ne5 Rxc6 32.Nxc6 Qd6 33.Nxb8 Qxb8 34.Qa2 Qd6 35.Rc5 Qe6 36.Qc2 Qe4
37.Qxe4 Rxe4 38.Kf1 g5 39.Ke2 Kg6 40.Kd3 g4 41.hxg4 Rxg4 42.g3 Re4 43.f3 Re7
44.Bf4 h5 45.Be5 Rd7 46.Ke3 Kf5 47.Ra5 Re7 48.Kf2 Rd7 49.Kg2 Kg5 50.Kh3 Kf5
51.Ra8 Kg6 52.Ra6 Kf5 53.Rc6 Kg6 54.Kh4 Kf5 55.Bxf6 gxf6 56.Rc8 Ra7 57.Rd8 Ra3
58.Rxd5+ Ke6 59.Rxh5 Rxf3 60.d5+ Kd6 61.Kg4 Rd3 62.Rf5 Rd4+ 63.Rf4 Rxd5 64.Rxf6+ Ke7
65.Rf5 Rd8 66.Kf4 Rg8 67.Rg5 Ra8 68.Rf5 Rg8 69.g4 Rf8  1/2-1/2

[Event "GMA Baleares Open"]
[Site "Palma de Mallorca"]
[Date "1989.??.??"]
[Round "7"]
[White "Lalic, Bogdan"]
[Black "Chernin, Alexander"]
[Result "1/2-1/2"]
[WhiteElo "2500"]
[BlackElo "2580"]

1.d4 d5 2.c4 c6 3.Nc3 Nf6 4.e3 e6 5.Nf3 Nbd7 6.Bd3 dxc4 7.Bxc4 b5 8.Bd3 Bb7
9.O-O a6 10.e4 c5 11.d5 c4 12.dxe6 cxd3 13.exd7+ Qxd7 14.Re1 Be7 15.e5 Nd5
16.Qxd3 Nxc3 17.Qxc3 O-O 18.Qd4 Qe6 19.Bg5  1/2-1/2

[Event "GMA Baleares Open"]
[Site "Palma de Mallorca"]
[Date "1989.??.??"]
[Round "8"]
[White "Balashov, Yuri S"]
[Black "Knaak, Rainer"]
[Result "1-0"]
[WhiteElo "2535"]
[BlackElo "2485"]

1.d4 e6 2.c4 d5 3.Nc3 c6 4.Nf3 Nf6 5.e3 Nbd7 6.Be2 Be7 7.O-O O-O 8.Qc2 b6
9.b3 Bb7 10.Bb2 Rc8 11.Rfd1 Qc7 12.Rac1 Qb8 13.Bd3 Rfd8 14.Qe2 Nf8 15.cxd5 Nxd5
16.Ba6 Bxa6 17.Qxa6 Nb4 18.Qe2 c5 19.dxc5 Rxc5 20.a3 Nd5 21.Nxd5 Rcxd5 22.Rxd5 Rxd5
23.e4 Rc5 24.Rxc5 Bxc5 25.g3 a5 26.a4 Qd6 27.Nd2 Qd8 28.Nc4 Qg5 29.Kg2 Ng6
30.Kf1 h5 31.h4 Qd8 32.Qxh5 Qd3+ 33.Qe2 Qxb3 34.Kg2 Bf8 35.h5 Ne7 36.Ne5 Qxa4
37.h6 Qe8 38.Ng4 Ng6 39.Qe3 f5 40.exf5 Qc6+ 41.Kh2 Ne7 42.hxg7 Bxg7 43.Qg5 Nxf5
44.Nh6+  1-0

[Event "GMA Baleares Open"]
[Site "Palma de Mallorca"]
[Date "1989.??.??"]
[Round "8"]
[White "Sokolov, Ivan"]
[Black "Bagirov, Vladimir"]
[Result "1/2-1/2"]
[WhiteElo "2525"]
[BlackElo "2460"]

1.d4 d5 2.c4 c6 3.Nc3 Nf6 4.e3 e6 5.Nf3 Nbd7 6.Bd3 dxc4 7.Bxc4 b5 8.Bd3 Bb7
9.e4 b4 10.Na4 c5 11.e5 Nd5 12.O-O cxd4 13.Nxd4 Nxe5 14.Bb5+ Nd7 15.Re1 Rc8
16.Qh5 g6 17.Qe2 a6 18.Bxa6 Bxa6 19.Qxa6 Nc5 20.Nxc5 Bxc5 21.Nxe6 fxe6 22.Qxe6+ Ne7
23.Bh6 Qd7 24.Qe5 Bd4 25.Qf4 g5 26.Qe4 Bf6 27.Rad1 Qc6 28.Qxb4 Kf7 29.Rd6 Nd5
30.Qg4 Rhe8 31.Rd7+ Kg6 32.Rd1 Qe6 33.Qxe6 Rxe6 34.Bxg5 Nb6 35.R7d6 Rxd6
36.Rxd6 Kxg5 37.h4+ Kf5 38.Rxb6 Rc1+ 39.Kh2 Bxh4 40.Rb5+ Ke6 41.g3 Bf6 42.Kh3 Rc2
43.f4 Bxb2 44.Rb7 h5 45.Rb5 Bf6 46.Rxh5 Rxa2 47.Rb5 Ra3 48.Kg4 Bd4 49.Kh4 Kf6
50.Rd5 Bf2 51.Rg5 Rf3 52.Kh3  1/2-1/2

[Event "GMA Baleares Open"]
[Site "Palma de Mallorca"]
[Date "1989.??.??"]
[Round "9"]
[White "Ftacnik, Lubomir"]
[Black "Kaidanov, Grigory S"]
[Result "1-0"]
[WhiteElo "2550"]
[BlackElo "2500"]

1.c4 e6 2.Nf3 d5 3.d4 Nf6 4.Nc3 c6 5.e3 Nbd7 6.Be2 Bd6 7.O-O O-O 8.b3 Re8
9.Bb2 a6 10.Rc1 Qe7 11.Qc2 dxc4 12.Bxc4 b5 13.Bd3 h6 14.Ne4 Nxe4 15.Qxc6 Ndf6
16.Bxe4 Rb8 17.Bb1 Bb7 18.Qc2 Ne4 19.Ne5 Rbc8 20.Qe2 Bb4 21.Bxe4 Bxe4 22.f3 Bb7
23.Nd3 Red8 24.e4 Ba5 25.Nc5 Bb6 26.b4 Bxc5 27.bxc5 Bc6 28.Qd2 Qb7 29.a3 Rd7
30.Qc3 f6 31.Rfd1 Rdd8 32.Rd2 Qf7 33.Qa5 Qb7 34.Rcd1 f5 35.d5 exd5 36.exf5 Qf7
37.f6 gxf6 38.Rd4 Re8 39.Rg4+ Kh7 40.Qc3 Rg8 41.Rxg8 Rxg8 42.Qxf6 Qxf6 43.Bxf6 Kg6
44.Bc3 Re8 45.Kf2 Bb7 46.Rd4 h5 47.Rf4 Re6 48.Rf8 Bc6 49.f4 d4 50.Bxd4 Be4
51.h3 Bf5 52.Be5 Rc6 53.Ke3 a5 54.Kd4 b4 55.axb4 axb4 56.Kc4 h4 57.Kxb4 Be4
58.Rh8  1-0

[Event "Pancevo"]
[Site "Pancevo"]
[Date "1989.??.??"]
[Round "2"]
[White "Kuzmin, Alexey"]
[Black "Andrianov, Nikolai"]
[Result "1/2-1/2"]
[WhiteElo "2465"]
[BlackElo "2455"]

1.d4 d5 2.c4 c6 3.Nc3 e6 4.e3 Nf6 5.Nf3 Nbd7 6.Qc2 Bd6 7.Be2 O-O 8.O-O Re8
9.Rd1 Qe7 10.b3 dxc4 11.Bxc4 b5 12.Bd3 Bb7 13.Bb2 a6 14.Ng5 h6 15.Nge4 Bc7
16.Nxf6+ Nxf6 17.Ne4 Nxe4 18.Bxe4 Bd6 19.Bf3 Rac8 20.Qe2 c5 21.d5 exd5 22.Bxd5 Bxd5
23.Rxd5 Qe6 24.Rad1  1/2-1/2

[Event "Paris op-1"]
[Site "Paris"]
[Date "1989.??.??"]
[Round "?"]
[White "Le Bideau, Alain"]
[Black "Fodre, Sandor"]
[Result "1-0"]
[WhiteElo "2080"]
[BlackElo "2290"]

1.d4 d5 2.c4 c6 3.Nf3 Nf6 4.Nc3 e6 5.e3 Nbd7 6.Bd3 dxc4 7.Bxc4 b5 8.Bd3 a6
9.e4 b4 10.Na4 c5 11.O-O cxd4 12.e5 Nd5 13.Re1 Bb7 14.Nxd4 Rc8 15.Qg4 Qa5
16.b3 Ne7 17.Bf4 Ng6 18.Bxg6 hxg6 19.Nxe6 fxe6 20.Qxe6+ Be7 21.Bg5 Qd8 22.Qxg6+ Kf8
23.e6 Ne5 24.Rxe5 Qe8 25.Bxe7+ Kxe7 26.Qxg7+  1-0

[Event "World op"]
[Site "Philadelphia"]
[Date "1989.??.??"]
[Round "1"]
[White "Browne, Walter S"]
[Black "Saidy, Anthony Fred"]
[Result "1-0"]
[WhiteElo "2535"]
[BlackElo "2405"]

1.d4 Nf6 2.c4 e6 3.Nf3 d5 4.Nc3 c6 5.e3 Nbd7 6.Qc2 Bd6 7.Bd3 O-O 8.O-O dxc4
9.Bxc4 Qe7 10.Rd1 e5 11.h3 exd4 12.exd4 Nb6 13.Re1 Qc7 14.Bb3 Nbd5 15.Bg5 Bd7
16.Ne5 Be6 17.Bxf6 Nxf6 18.Bxe6 fxe6 19.Nf3 Rae8 20.Ng5 Qd7 21.Nce4 g6 22.Qb3 Nd5
23.Nxd6 Qxd6 24.Qxb7 Re7 25.Qa6 Qb4 26.Nxe6 Nc7 27.Qxc6 Nxe6 28.Rxe6 Qxb2
29.Rf1 Ref7 30.Qc4 Kh8 31.Re8  1-0

[Event "World op"]
[Site "Philadelphia"]
[Date "1989.??.??"]
[Round "6"]
[White "Petursson, Margeir"]
[Black "Sherzer, Alex"]
[Result "0-1"]
[WhiteElo "2530"]
[BlackElo "2360"]

1.d4 d5 2.Nf3 Nf6 3.c4 c6 4.Nc3 e6 5.e3 Nbd7 6.Bd3 dxc4 7.Bxc4 b5 8.Bd3 a6
9.e4 c5 10.e5 cxd4 11.Nxb5 Nxe5 12.Nxe5 axb5 13.Bxb5+ Bd7 14.Nxd7 Qa5+ 15.Bd2 Qxb5
16.Nxf8 Kxf8 17.a4 Qxb2 18.O-O Ne4 19.Bf4 Nc3 20.Qf3 Ke7 21.Qc6 Rhd8 22.Bc7 d3
23.Bxd8+ Rxd8 24.a5 d2 25.a6 Qxa1 26.Qc7+ Rd7  0-1

[Event "World op"]
[Site "Philadelphia"]
[Date "1989.??.??"]
[Round "9"]
[White "Rohde, Michael A"]
[Black "Sherzer, Alex"]
[Result "1-0"]
[WhiteElo "2540"]
[BlackElo "2360"]

1.d4 d5 2.c4 c6 3.Nc3 Nf6 4.e3 e6 5.Nf3 Nbd7 6.Qc2 Bd6 7.Bd3 dxc4 8.Bxc4 b5
9.Bd3 Bb7 10.O-O O-O 11.Rd1 Qe7 12.e4 e5 13.Ne2 c5 14.Ng3 g6 15.d5 c4 16.Be2 Ne8
17.a4 a6 18.axb5 axb5 19.Rxa8 Bxa8 20.Bg5 f6 21.Bh6 Ng7 22.b3 cxb3 23.Qxb3 b4
24.Ra1 Nc5 25.Qxb4 f5 26.Qc4 fxe4 27.Ng5 Qb7 28.N5xe4 Nxe4 29.Nxe4 Qb2 30.Ra7 Qb1+
31.Bf1  1-0